[Event "38. Open Ciutat de Badalona 2012"]
[Site "Badalona ESP"]
[Date "2012.08.08"]
[Round "8.6"]
[White "Roy Chowdhury, Saptarshi"]
[Black "Perez Mitjans, Orelvis"]
[Result "0-1"]
[WhiteElo "2391"]
[BlackElo "2504"]
[PlyCount "74"]
[EventDate "2012.08.01"]
[EventType "swiss"]
[EventRounds "9"]
[EventCountry "ESP"]
[SourceTitle "Ajedrez en Madrid"]
[Source "lmi"]
[SourceDate "2012.08.01"]
[SourceVersion "1"]
[SourceVersionDate "2018.07.18"]
[SourceQuality "1"]

1. e4 e6 2. d3 d5 3. Nd2 Nf6 4. Ngf3 c5 5. g3 Nc6 6. Bg2 Be7 7. O-O O-O 8. Re1
b5 9. e5 Nd7 10. c4 bxc4 11. dxc4 Nb6 12. cxd5 exd5 13. Nf1 Be6 14. b3 a5 15.
h4 h6 16. Bf4 Re8 17. Qc1 Bf8 18. Ne3 Qc8 19. Rd1 a4 20. bxa4 d4 21. Nf1 Bd5
22. N1d2 Nxa4 23. a3 Nc3 24. Re1 Qe6 25. Kh2 Ra7 26. Nb1 Nxb1 27. Rxb1 c4 28.
Rb6 Bc5 29. Rb5 Bxa3 30. Qd1 d3 31. Ng5 hxg5 32. Bxd5 Qd7 33. e6 fxe6 34. Bxc6
Qxc6 35. Rxg5 Bb2 36. Be5 Bxe5 37. Rgxe5 Ra2 0-1

[Event "38. Open Ciutat de Badalona 2012"]
[Site "Badalona ESP"]
[Date "2012.08.08"]
[Round "8.7"]
[White "Cordova, Emilio"]
[Black "Guerra Mendez, Jose Angel"]
[Result "1-0"]
[WhiteElo "2572"]
[BlackElo "2441"]
[PlyCount "103"]
[EventDate "2012.08.01"]
[EventType "swiss"]
[EventRounds "9"]
[EventCountry "ESP"]
[SourceTitle "Ajedrez en Madrid"]
[Source "lmi"]
[SourceDate "2012.08.01"]
[SourceVersion "1"]
[SourceVersionDate "2018.07.18"]
[SourceQuality "1"]

1. d4 Nf6 2. c4 e6 3. Nf3 b6 4. g3 Bb7 5. Bg2 Be7 6. O-O O-O 7. d5 exd5 8. Nh4
c6 9. cxd5 Nxd5 10. Nf5 Nc7 11. e4 d5 12. Nc3 Bf6 13. exd5 Nxd5 14. Nxd5 cxd5
15. Ne3 Nc6 16. Nxd5 Be5 17. h4 Qd6 18. Re1 Rad8 19. Bg5 Rd7 20. Qg4 f5 21. Qe2
h6 22. Rad1 hxg5 23. Nf6+ Qxf6 24. Rxd7 Ba8 25. hxg5 Qxg5 26. Bxc6 Bxc6 27.
Qc4+ Kh7 28. Qxc6 Bxb2 29. Kg2 Bf6 30. Rxa7 Qd2 31. Rh1+ Kg6 32. Qf3 Qg5 33.
Rb7 Rc8 34. Qd5 Rf8 35. Rxb6 Qg4 36. Rh4 Qe2 37. Rf4 Qc2 38. Rc6 Qb1 39. g4
fxg4 40. Rxg4+ Kh7 41. Qe4+ Qxe4+ 42. Rxe4 Ra8 43. a4 Ra5 44. Rec4 Be7 45. Rc7
Bd6 46. Rb7 Rg5+ 47. Kf1 Rh5 48. Ke2 Re5+ 49. Kd3 Rf5 50. Rd7 Bb8 51. Rh4+ Kg6
52. Rg4+ 1-0

[Event "38. Open Ciutat de Badalona 2012"]
[Site "Badalona ESP"]
[Date "2012.08.08"]
[Round "8.9"]
[White "Bellini, Fabio"]
[Black "Pogorelov, Ruslan"]
[Result "0-1"]
[WhiteElo "2504"]
[BlackElo "2405"]
[PlyCount "80"]
[EventDate "2012.08.01"]
[EventType "swiss"]
[EventRounds "9"]
[EventCountry "ESP"]
[SourceTitle "Ajedrez en Madrid"]
[Source "lmi"]
[SourceDate "2012.08.01"]
[SourceVersion "1"]
[SourceVersionDate "2018.07.18"]
[SourceQuality "1"]

1. e4 c5 2. Nf3 e6 3. g3 Nc6 4. Bg2 Nf6 5. d3 d5 6. Nbd2 Be7 7. O-O O-O 8. Re1
b5 9. e5 Ne8 10. Nf1 Nc7 11. Bf4 g5 12. Be3 Kh8 13. h3 Rg8 14. c3 Rb8 15. d4 c4
16. N1h2 b4 17. Ng4 Rg6 18. Qd2 Ne8 19. h4 gxh4 20. Nh6 Kg7 21. g4 f5 22. gxf5
exf5 23. Kh2 Kf8 24. Bh3 Ng7 25. Rg1 f4 26. Bxf4 Bxh3 27. Kxh3 Qc8+ 28. Kh2 Qe6
29. Ng5 Bxg5 30. Bxg5 Ke8 31. Ng4 Kd7 32. Nf6+ Kc7 33. Bxh4 Nf5 34. Bg3 a5 35.
Qf4 Nce7 36. cxb4 axb4 37. Rac1 Kb6 38. Qd2 Nc6 39. Rxc4 dxc4 40. d5 Rd8 0-1

[Event "38. Open Ciutat de Badalona 2012"]
[Site "Badalona ESP"]
[Date "2012.08.08"]
[Round "8.10"]
[White "Bykov, Alexey"]
[Black "Barrientos, Sergio E"]
[Result "0-1"]
[WhiteElo "2374"]
[BlackElo "2500"]
[PlyCount "62"]
[EventDate "2012.08.01"]
[EventType "swiss"]
[EventRounds "9"]
[EventCountry "ESP"]
[SourceTitle "Ajedrez en Madrid"]
[Source "lmi"]
[SourceDate "2012.08.01"]
[SourceVersion "1"]
[SourceVersionDate "2018.07.18"]
[SourceQuality "1"]

1. d4 Nf6 2. c4 e6 3. g3 d5 4. Nf3 Bb4+ 5. Bd2 Be7 6. Bg2 O-O 7. O-O c6 8. Qc2
b6 9. Bf4 Ba6 10. Ne5 Nfd7 11. Rd1 Nxe5 12. dxe5 Bxc4 13. e4 Nd7 14. Nc3 g5 15.
Be3 Nxe5 16. h3 Rc8 17. f4 Ng6 18. fxg5 Bxg5 19. Qf2 f5 20. exd5 cxd5 21. b3
Bxb3 22. axb3 Rxc3 23. Bd4 Rc7 24. h4 Bf6 25. h5 Ne5 26. Qf4 Ng4 27. Bxf6 Nxf6
28. Rac1 Rxc1 29. Rxc1 Nxh5 30. Qe5 Rf6 31. Re1 f4 0-1

[Event "38. Open Ciutat de Badalona 2012"]
[Site "Badalona ESP"]
[Date "2012.08.09"]
[Round "9.7"]
[White "Buchenau, Frank"]
[Black "Munoz Pantoja, Miguel"]
[Result "0-1"]
[WhiteElo "2299"]
[BlackElo "2496"]
[PlyCount "122"]
[EventDate "2012.08.01"]
[EventType "swiss"]
[EventRounds "9"]
[EventCountry "ESP"]
[SourceTitle "Ajedrez en Madrid"]
[Source "lmi"]
[SourceDate "2012.08.01"]
[SourceVersion "1"]
[SourceVersionDate "2018.07.18"]
[SourceQuality "1"]

1. e4 c5 2. d3 Nc6 3. f4 d5 4. Be2 dxe4 5. dxe4 Qxd1+ 6. Bxd1 Nf6 7. Nc3 Be6 8.
Nf3 Bc4 9. b3 Ba6 10. e5 Nd7 11. e6 fxe6 12. Bb2 Nf6 13. Be2 Bxe2 14. Nxe2 Nb4
15. O-O-O Rc8 16. a3 Nbd5 17. c4 Nc7 18. Ne5 Rg8 19. g4 Ne4 20. Rhf1 Nd6 21.
Rf3 g6 22. Rh3 h6 23. Re1 b5 24. Ng1 bxc4 25. bxc4 Na8 26. Ngf3 Nb6 27. Nd2 Bg7
28. Kc2 Bxe5 29. Rxe5 Kd7 30. Kd3 Rgf8 31. Rhe3 Rxf4 32. Rxe6 Rd8 33. Rxe7+ Kc8
34. Ke2 Rxg4 35. Rg3 Rxg3 36. hxg3 Nf5 37. Re6 Nxg3+ 38. Ke1 Rg8 39. Be5 Nf5
40. Rc6+ Kb7 41. Rxc5 Rc8 42. Rb5 Ka6 43. Rb4 Re8 44. Nf3 Nd7 45. Rb5 Nd6 46.
Rd5 Nxc4 47. Rxd7 Nxe5 48. Rd6+ Kb7 49. Nxe5 Rxe5+ 50. Kf2 Rg5 51. a4 a5 52.
Kf3 h5 53. Kf4 Rg1 54. Rd5 h4 55. Rxa5 h3 56. Rb5+ Ka6 57. Rb2 g5+ 58. Ke3 Rg3+
59. Ke4 Rg2 60. Rb1 h2 61. Rh1 g4 0-1

[Event "38. Open Ciutat de Badalona 2012"]
[Site "Badalona ESP"]
[Date "2012.08.09"]
[Round "9.10"]
[White "Arenas, David"]
[Black "Fluvia Poyatos, Joan"]
[Result "0-1"]
[WhiteElo "2406"]
[BlackElo "2491"]
[PlyCount "104"]
[EventDate "2012.08.01"]
[EventType "swiss"]
[EventRounds "9"]
[EventCountry "ESP"]
[SourceTitle "Ajedrez en Madrid"]
[Source "lmi"]
[SourceDate "2012.08.01"]
[SourceVersion "1"]
[SourceVersionDate "2018.07.18"]
[SourceQuality "1"]

1. e4 c5 2. Nf3 d6 3. d4 cxd4 4. Nxd4 Nf6 5. Nc3 a6 6. Bc4 e6 7. Bb3 b5 8. Qf3
Qc7 9. Bg5 Be7 10. e5 Bb7 11. exd6 Bxd6 12. Qe3 Bc5 13. O-O-O Nc6 14. Qxe6+
fxe6 15. Nxe6 Qe7 16. Rhe1 Qxe6 17. Rxe6+ Ne7 18. Bxf6 gxf6 19. Bd5 Kf7 20.
Rxe7+ Kxe7 21. Bxb7 Ra7 22. Re1+ Kf8 23. Bd5 Bxf2 24. Re6 Kg7 25. Ne4 Be3+ 26.
Kb1 Bd4 27. Nd6 Be5 28. Nf5+ Kg6 29. Nh4+ Kg5 30. Nf3+ Kf5 31. Rc6 Rd8 32. c4
bxc4 33. Be6+ Ke4 34. Rxc4+ Ke3 35. a3 Rb7 36. Rc2 Rd1+ 37. Ka2 Rf1 38. Bd5 Rc7
39. Bc6 Rf2 40. Rxf2 Kxf2 41. Be4 Ke3 42. Bf5 a5 43. b4 a4 44. Ne1 Bxh2 45.
Nc2+ Kd2 46. Nd4 Be5 47. Nf3+ Kc3 48. g4 h6 49. Ne1 Kd2 50. Nd3 Rc2+ 51. Kb1
Rc3 52. Nc5 Rc1+ 0-1